Call of Duty Zombies Maps by Picture - Statistics

General Stats
  • This quiz has been taken 67 times
  • The average score is 30 of 92
Answer Stats
Picture Hint Answer % Correct
Black Ops Moon
96%
Black Ops "Five"
90%
World at War Shi No Numa
90%
World at War Verrückt
90%
World at War Der Riese
88%
Black Ops Kino der Toten
86%
World at War Nacht der Untoten
86%
Black Ops Ascension
84%
Black Ops Shangri-La
84%
Black Ops Call of the Dead
80%
Black Ops Dead Ops Arcade
80%
Black Ops 2 Tranzit
73%
Black Ops 2 Origins
71%
Black Ops 2 Mob of the Dead
69%
Black Ops 2 Nuketown Zombies
69%
Black Ops 2 Diner
67%
Black Ops 2 Town
67%
Black Ops 2 Buried
65%
Black Ops 2 Die Rise
65%
Black Ops 3 Shadows of Evil
65%
Black Ops 2 Farm
61%
Black Ops 3 Dead Ops Arcade 2: Cyber’s Avenging
57%
Black Ops 3 Der Eisendrache
57%
Black Ops III Revelations
57%
Black Ops 2 Bus Depot
55%
Black Ops 3 Gorod Krovi
49%
Black Ops 4 IX
47%
Infinite Warfare Zombies in Spaceland
43%
Black Ops 4 Blood of the Dead
39%
Cold War Dead Ops Arcade 3: Rise of the Mamaback
37%
Black Ops 3 Zetsubou No Shima
37%
Black Ops 4 Classified
35%
Infinite Warfare Attack of the Radioactive Thing
33%
Cold War Firebase Z
33%
Infinite Warfare Rave in the Redwoods
31%
Black Ops 4 Alpha Omega
29%
Black Ops 7 Dead Ops Arcade 4: Papaback In Black
29%
Black Ops 6 Liberty Falls
29%
Black Ops 4 Tag der Toten
29%
Black Ops 6 Terminus
29%
Black Ops 6 The Tomb
29%
Cold War Die Maschine
27%
Black Ops 4 Ancient Evil
25%
Black Ops 4 Dead of the Night
25%
Cold War Mauer der Toten
25%
Cold War Forsaken
24%
Black Ops 4 Voyage of Despair
24%
Cold War Outbreak
22%
Black Ops 6 Reckoning
22%
Infinite Warfare Shaolin Shuffle
22%
Black Ops 6 Citadelle des Morts
20%
Black Ops 6 Shattered Veil
20%
Infinite Warfare The Beast from Beyond
18%
Black Ops DS House
16%
Advanced Warfare Infection
16%
Black Ops DS Temple
16%
WW2 The Final Reich
16%
Advanced Warfare Carrier
14%
Black Ops 2 Grief Cell Block
14%
Advanced Warfare Outbreak
14%
WW2 The Darkest Shore
14%
WW2 The Shadowed Throne
12%
Vanguard Der Anfang
10%
Advanced Warfare Descent
10%
WW2 Gröesten Haus
10%
Black Ops DS Facility
8%
Black Ops DS Overlook
8%
Ghosts Point of Contact
8%
WW2 The Frozen Dawn
8%
WW2 The Tortured Path
8%
Modern Warfare 3 Urzikstan
8%
Call of Duty: Online Cyborg Lab
6%
Call of Duty: Online Outpost
6%
Vanguard Terra Maledicta
6%
Vanguard The Archon
6%
WW2 Altar of Blood
4%
Black Ops 2 Grief Borough
4%
Ghosts Exodus
4%
Call of Duty: Online Ghost Swamp
4%
Ghosts Mayday
4%
Call of Duty: Online Mechanical Body Laboratory
4%
Ghosts Nightfall
4%
WW2 U.S.S Mount Olympus
4%
Ghosts Awakening
2%
WW2 Bodega Cervantes
2%
Call of Duty: Online Training Stage
2%
Call of Duty: Online Zombies Arena
2%
Call of Duty: Online Arsenal
0%
WW2 Beneath the Ice
0%
Call of Duty: Online City of the Setting Sun
0%
Call of Duty: Online Nighstorm Farm
0%
Call of Duty: Online Zombie Island
0%
No matching quizzes found
Score Distribution
Percent of People with Each Score
Percentile by Number Answered
Your Score History
You have not taken this quiz